000 01214nam a2200349Ia 4500
001 dia_5284
003 CHAP
005 20251023153113.0
008 220117s2012 xx 000 0 und d
010 _a176193
020 _a978-607-401-427-3
040 _cCHAP
082 _a363.856 H65 2012
100 _aHolt-Giménez, Eric
_9158101
245 _a¡Rebeliones alimentarias! : la crisis y el hambre por la justicia /
_c Eric Holt - Giménez y Raj Patel
260 _aMéxico :
_b Universidad Autónoma de Zacatecas :,
_b Miguel Ángel Porrúa,
_c2012
300 _a310 p.
440 _aEstudios críticos del desarrollo
_9125214
504 _aBibliografía: p. 279-293
590 _aHD9000.5 H65 2012
650 _aAlimentación y nutrición humana
_xAspectos económicos
_9158102
650 _aConsumo alimentario
_9158103
650 _aFood consumption
_9158104
650 _aFood human nutrition
_9158105
650 _aFood production
_9148170
650 _aProdución de alimentos
_9158106
700 _aPatel, Raj, coaut.
_9158107
901 _a363.856 H65 2012
902 _aM
905 _a5232272012 mx adm 8222113312spa16
942 _cLIBRO
_2ddc
999 _c176193
_d176193